| 000 | 01434cam a2200409Ia 4500 | ||
|---|---|---|---|
| 001 | 727710133 | ||
| 003 | OCoLC | ||
| 005 | 20251204073115.0 | ||
| 008 | 110529s2012 nyu j 000 1 eng d | ||
| 020 | _a9780329912550 (FollettBound) | ||
| 020 |
_a9780545369930 (pbk.) : _c$4.99 |
||
| 020 | _a0545369932 (pbk.) | ||
| 035 | _a(OCoLC)727710133 | ||
| 040 |
_aBTCTA _beng _cBTCTA _dCQU _dJP3 _dBDX _dWZ9 _dSX@ |
||
| 049 | _aSX@A | ||
| 082 | 0 | 4 |
_aFic] _223 |
| 099 | _aFarshtey, G. | ||
| 100 | 1 | _aFarshtey, Greg. | |
| 245 | 0 | 0 |
_aCole : _bninja of Earth / _cby Greg Farshtey . |
| 260 |
_aNew York : _bScholastic, _cc2012. |
||
| 300 |
_a76 p. ; _c20 cm. |
||
| 490 | 1 | _aLEGO Ninjago. | |
| 500 | _a"LEGO Ninjago" - front cover. | ||
| 500 | _a"Two stories in one!" - front cover. | ||
| 505 | 0 | _aFrom the journal of Sensei Wu -- The real hero -- The phantom ninja. | |
| 520 | _aCole, a member of Sensei Wu's team of ninja warriors, must keep his fellow ninjas' egos in check as he strives to unite the warriors and lead them on their dangerous missions. | ||
| 521 | 8 |
_a700L _bLexile. |
|
| 526 | 0 |
_aAccelerated Reader AR _bLG _c4.7 _d1.0 _z148476. |
|
| 526 | 0 |
_aAccelerated Reader AR _bLG _c4.7 _d1 _z148476. |
|
| 590 | _ajrdfic03/12. | ||
| 650 | 0 |
_aNinja _vJuvenile fiction. |
|
| 650 | 0 |
_aTraining _vJuvenile fiction. |
|
| 650 | 0 |
_aLEGO toys _vJuvenile fiction. |
|
| 830 | 0 | _aLEGO Ninjago. | |
| 907 | _a.b1519405x | ||
| 942 | _cBK | ||
| 999 |
_c31253 _d31251 |
||